[Event "27e Open International Avoine"]
[Site "Espace culturel d'Avoine-37420"]
[Date "2012.07.24"]
[Round "4.36"]
[White "Gaudin, Eric"]
[Black "Hutois, Mickael"]
[Result "0-1"]
[WhiteElo "1883"]
[BlackElo "2153"]
[PlyCount "118"]
[EventDate "2012.??.??"]

1. e4 e5 2. Bc4 Nc6 3. d3 Nf6 4. Nc3 Be7 5. f4 exf4 6. Bxf4 d6 7. Nf3 Bg4 8. h3
Nh5 9. hxg4 Nxf4 10. Qd2 Ng6 11. d4 Qd7 12. g5 Qg4 13. O-O-O Qf4 14. Qxf4 Nxf4
15. g3 Ng6 16. Nd5 Bd8 17. Rh3 Nf8 18. Kb1 a5 19. Rh2 Ne7 20. Nxe7 Bxe7 21. e5
Ne6 22. Bxe6 fxe6 23. exd6 Bxd6 24. Ne5 Bxe5 25. dxe5 Rd8 26. Kc1 Rxd1+ 27.
Kxd1 Ke7 28. Ke1 Rd8 29. Rxh7 Kf7 30. Rh2 Rd5 31. Re2 Kg6 32. Kf2 Kf5 33. Kf3
Kxg5 34. Re4 Kg6 35. Re2 Kf5 36. g4+ Kg5 37. b3 Rd4 38. Re3 Rf4+ 39. Ke2 Kxg4
40. Rd3 Rf7 41. c3 g5 42. b4 axb4 43. cxb4 Rh7 44. a4 Kf4 45. b5 b6 46. Ra3 g4
47. Kf2 Kxe5 48. a5 bxa5 49. Rxa5 Kf4 50. Ra4+ Kf5 51. Ra7 Rh2+ 52. Kg3 Rh3+
53. Kg2 Rc3 54. Ra8 Ke4 55. Rc8 Rc5 56. Rg8 Rxb5 57. Rxg4+ Kd5 58. Kf2 Rb2+ 59.
Ke3 e5 0-1

[Event "27e Open International Avoine"]
[Site "Espace culturel d'Avoine-37420"]
[Date "2012.07.24"]
[Round "4.38"]
[White "Eden, James"]
[Black "Gaftarnik, Olivier"]
[Result "1-0"]
[WhiteElo "2129"]
[BlackElo "1855"]
[PlyCount "63"]
[EventDate "2012.??.??"]

1. e4 e5 2. Nf3 Nf6 3. Nxe5 d6 4. Nf3 Nxe4 5. Nc3 Nxc3 6. dxc3 Be7 7. Bf4 Nc6
8. Bd3 Bg4 9. Qd2 Bf6 10. O-O-O O-O 11. h3 Bxf3 12. gxf3 Qd7 13. h4 Rad8 14. h5
Rfe8 15. Rhg1 Ne5 16. Be4 c6 17. Bg5 Qe6 18. Qf4 Bxg5 19. Qxg5 g6 20. Kb1 d5
21. Bf5 Qe7 22. Qg3 Qf6 23. Bg4 Re7 24. f4 Nxg4 25. Qxg4 Kg7 26. f5 Rde8 27. f4
Re2 28. fxg6 fxg6 29. hxg6 hxg6 30. f5 R8e4 31. Qh5 Rf2 32. Rxg6+ 1-0

[Event "27e Open International Avoine"]
[Site "Espace culturel d'Avoine-37420"]
[Date "2012.07.24"]
[Round "4.39"]
[White "Testa, Stephane"]
[Black "Le Goff, Ronan"]
[Result "1/2-1/2"]
[WhiteElo "1864"]
[BlackElo "2124"]
[PlyCount "49"]
[EventDate "2012.??.??"]

1. e4 e5 2. d4 exd4 3. Qxd4 Nc6 4. Qe3 g6 5. Nc3 Bg7 6. Bd2 Nge7 7. O-O-O O-O
8. Qg3 d6 9. h4 h5 10. Be2 Be6 11. f4 Na5 12. f5 Bc4 13. Bxh5 gxh5 14. f6 Nf5
15. exf5 Qxf6 16. Qg5 Nc6 17. b3 Ba6 18. Qxf6 Bxf6 19. Nd5 Bd8 20. Bh6 Re8 21.
Bg5 Re5 22. Bxd8 Rxd8 23. Nf6+ Kh8 24. Rd5 Re1+ 25. Kb2 1/2-1/2

[Event "27e Open International Avoine"]
[Site "Espace culturel d'Avoine-37420"]
[Date "2012.07.24"]
[Round "4.40"]
[White "Maleki, Nicolas"]
[Black "Chabeaud, Jean-Jacques"]
[Result "1-0"]
[WhiteElo "2117"]
[BlackElo "1846"]
[PlyCount "59"]
[EventDate "2012.??.??"]

1. d4 d5 2. Nc3 Nf6 3. Bg5 e6 4. Nf3 Be7 5. e3 Nbd7 6. Be2 O-O 7. Qd2 b6 8. O-O
Ne4 9. Nxe4 dxe4 10. Bxe7 Qxe7 11. Ne1 Bb7 12. c4 c5 13. Nc2 f5 14. b4 Rfd8 15.
Rab1 Rab8 16. Rfd1 Qg5 17. bxc5 bxc5 18. Qa5 f4 19. exf4 Qxf4 20. Rxb7 Rf8 21.
Rxb8 Qxf2+ 22. Kh1 Rxb8 23. Qe1 Qf4 24. g3 Qg5 25. Qd2 Qxd2 26. Rxd2 Rb2 27.
Bg4 Kf7 28. d5 exd5 29. Bxd7 d4 30. Bf5 1-0

[Event "27e Open International Avoine"]
[Site "Espace culturel d'Avoine-37420"]
[Date "2012.07.24"]
[Round "4.41"]
[White "Dvorsak, Hans"]
[Black "Devallee, Jeremie"]
[Result "0-1"]
[WhiteElo "1861"]
[BlackElo "2106"]
[PlyCount "52"]
[EventDate "2012.??.??"]

1. e4 c5 2. Nf3 d6 3. d4 cxd4 4. Nxd4 Nf6 5. Nc3 g6 6. f4 Nc6 7. Nxc6 bxc6 8.
e5 Nd7 9. exd6 exd6 10. Be3 Qe7 11. Qd4 Nf6 12. O-O-O d5 13. Bf2 Bg7 14. Re1
Be6 15. g4 O-O 16. Bh4 Rab8 17. f5 Qb7 18. Bxf6 Qxb2+ 19. Kd1 Bxf5 20. gxf5
Qa1+ 21. Ke2 Rbe8+ 22. Kd3 Rxe1 23. Bxg7 c5 24. Qxd5 Kxg7 25. Bg2 c4+ 26. Kd2
Qc1# 0-1

[Event "27e Open International Avoine"]
[Site "Espace culturel d'Avoine-37420"]
[Date "2012.07.24"]
[Round "4.43"]
[White "Garnier, Teddy"]
[Black "Roussel, Glenn"]
[Result "1-0"]
[WhiteElo "2055"]
[BlackElo "1831"]
[PlyCount "63"]
[EventDate "2012.??.??"]

1. e4 c5 2. c3 g6 3. d4 cxd4 4. cxd4 d5 5. exd5 Nf6 6. Nc3 Nxd5 7. Bc4 Nb6 8.
Bb3 Bg7 9. Nge2 O-O 10. d5 N8d7 11. Be3 Ne5 12. Bd4 Bf5 13. O-O Nbc4 14. Bxc4
Nxc4 15. Bxg7 Kxg7 16. Qd4+ e5 17. Qxc4 Rc8 18. Qb3 Bd3 19. Rfd1 e4 20. Qxb7
Rc7 21. Qb4 Rc4 22. Qb3 a5 23. Rxd3 Rb4 24. Nxe4 Rxb3 25. axb3 Re8 26. N2c3 f5
27. Nc5 Qd6 28. N3a4 Re2 29. Rf1 Kf7 30. Nb7 Qb8 31. Nac5 Re8 32. d6 1-0

[Event "27e Open International Avoine"]
[Site "Espace culturel d'Avoine-37420"]
[Date "2012.07.24"]
[Round "4.44"]
[White "Dupont, Arthur"]
[Black "Gallant, Aurelien"]
[Result "1/2-1/2"]
[WhiteElo "1850"]
[BlackElo "2054"]
[PlyCount "123"]
[EventDate "2012.??.??"]

1. d4 Nf6 2. c4 e6 3. Nc3 d5 4. Nf3 Be7 5. Bg5 O-O 6. e3 Nbd7 7. Be2 b6 8. O-O
Bb7 9. Rc1 c5 10. cxd5 exd5 11. Qa4 a6 12. Rfd1 b5 13. Qc2 b4 14. Nb1 c4 15.
Nbd2 Rc8 16. Ne5 Nxe5 17. dxe5 Nd7 18. Bxe7 Qxe7 19. Bg4 Rc7 20. Bxd7 Rxd7 21.
Nf3 Rc7 22. Rd4 g6 23. h3 a5 24. Qd2 a4 25. Rh4 Rfc8 26. Qd4 a3 27. bxa3 b3 28.
Qb2 bxa2 29. Qxa2 Ra8 30. a4 Bc6 31. a5 Rca7 32. Qd2 Rxa5 33. e4 Qf8 34. Nd4
Bb7 35. Rf4 Qe7 36. exd5 Bxd5 37. Qe3 Ra3 38. Qe1 Re8 39. Nb5 Ra6 40. Rd4 Bxg2
41. Nd6 Bxh3 42. Qe3 Rea8 43. Rdxc4 Ra1 44. Kh2 Rxc1 45. Rxc1 Be6 46. Qf4 Kg7
47. Rc3 h5 48. Re3 Bg4 49. Kg3 Ra1 50. f3 Be6 51. Re2 h4+ 52. Kh2 h3 53. Ne4
Ra4 54. Qg3 Bf5 55. Nf6 Qd8 56. Qf2 Qb8 57. Qe3 Qb4 58. Rd2 Qb5 59. f4 Qc6 60.
Qg3 Ra1 61. Nh5+ Kh7 62. Nf6+ 1/2-1/2

[Event "27e Open International Avoine"]
[Site "Espace culturel d'Avoine-37420"]
[Date "2012.07.24"]
[Round "4.45"]
[White "Le Pen, Steven"]
[Black "Batteux, Mickael"]
[Result "0-1"]
[WhiteElo "1847"]
[BlackElo "2034"]
[PlyCount "86"]
[EventDate "2012.??.??"]

1. e4 Nf6 2. e5 Nd5 3. d4 d6 4. c4 Nb6 5. f4 dxe5 6. fxe5 Nc6 7. Be3 Bf5 8. Nc3
e6 9. Be2 Nb4 10. Rc1 c5 11. dxc5 Qxd1+ 12. Kxd1 Rd8+ 13. Ke1 Nd7 14. Nf3 Nc2+
15. Kf2 Nxe3 16. Kxe3 Bxc5+ 17. Kf4 h6 18. h4 f6 19. exf6 Nxf6 20. Rhd1 Bd6+
21. Rxd6 Rxd6 22. Nb5 Rd7 23. Nxa7 O-O 24. Nb5 Nh5+ 25. Ke3 Ng3 26. Nbd4 e5 27.
Nb5 Nxe2 28. Kxe2 Bg4 29. Ke3 Bxf3 30. gxf3 Rf4 31. c5 Rxh4 32. Nd6 Rh2 33. b4
Rxa2 34. b5 Rb2 35. b6 Rxb6 36. cxb6 Rxd6 37. Ke4 Rxb6 38. Kxe5 Rf6 39. f4 h5
40. Rc8+ Kh7 41. Rb8 b6 42. f5 Rh6 43. Rd8 h4 0-1

[Event "27e Open International Avoine"]
[Site "Espace culturel d'Avoine-37420"]
[Date "2012.07.24"]
[Round "4.46"]
[White "Gros, Patrick"]
[Black "Ginovart, Axel"]
[Result "1-0"]
[WhiteElo "2032"]
[BlackElo "1815"]
[PlyCount "137"]
[EventDate "2012.??.??"]

1. Nf3 Nf6 2. d4 d5 3. Bf4 c5 4. e3 Nc6 5. h3 e6 6. c3 Bd6 7. Nbd2 Bxf4 8. exf4
Qb6 9. Qb3 cxd4 10. Qxb6 axb6 11. Nxd4 Nxd4 12. cxd4 O-O 13. Bd3 Bd7 14. g4 Ra5
15. O-O Bb5 16. Bxb5 Rxb5 17. b3 Ra5 18. Rfc1 Raa8 19. Nf3 Rfc8 20. Ne5 h6 21.
f3 g5 22. fxg5 hxg5 23. a4 Kf8 24. Kf2 Ke7 25. Kg3 Nh7 26. h4 f6 27. Ng6+ Kf7
28. h5 Nf8 29. Nxf8 Kxf8 30. f4 Rc6 31. fxg5 fxg5 32. Rxc6 bxc6 33. b4 Ke7 34.
a5 bxa5 35. bxa5 Ra6 36. Kf3 Kf6 37. Ke3 e5 38. Ra4 e4 39. Kd2 Ke6 40. Kc3 Ke7
41. Kb4 Kd6 42. Ra1 Ke6 43. Rf1 Ra8 44. h6 Rb8+ 45. Ka4 Rh8 46. Ra1 Kd6 47. a6
c5 48. dxc5+ Kxc5 49. Ka5 d4 50. Rc1+ Kd6 51. a7 d3 52. Kb4 d2 53. Rd1 e3 54.
Kc3 Kc7 55. Ra1 Rd8 56. h7 e2 57. h8=Q Rxh8 58. Kxd2 Re8 59. Ke1 Kb7 60. a8=Q+
Rxa8 61. Rxa8 Kxa8 62. Kxe2 Kb8 63. Ke3 Kc8 64. Ke4 Kd8 65. Kf5 Ke8 66. Kxg5
Kf8 67. Kh6 Kf7 68. g5 Kg8 69. Kg6 1-0

[Event "27e Open International Avoine"]
[Site "Espace culturel d'Avoine-37420"]
[Date "2012.07.24"]
[Round "4.48"]
[White "Ashanina, Olga"]
[Black "Oney, Remel"]
[Result "1/2-1/2"]
[WhiteElo "2027"]
[BlackElo "1814"]
[PlyCount "102"]
[EventDate "2012.??.??"]

1. e4 Nf6 2. e5 Nd5 3. c4 Nb6 4. d4 Nc6 5. Nf3 d6 6. exd6 exd6 7. Be2 Be7 8.
O-O Bg4 9. Nbd2 O-O 10. d5 Bxf3 11. Nxf3 Ne5 12. Qc2 Bf6 13. Be3 Nbd7 14. Nd4
a5 15. f4 Ng6 16. Nf5 Ne7 17. Bd3 Nxf5 18. Bxf5 g6 19. Bh3 Bg7 20. f5 Ne5 21.
fxg6 Nxg6 22. Bf5 Qh4 23. Bf2 Bd4 24. Bxd4 Qxd4+ 25. Kh1 Rae8 26. Rad1 Qe3 27.
Rd2 Re5 28. Rdf2 Qh6 29. Bd3 Rh5 30. g3 Ne5 31. Bf5 Kh8 32. Be6 Qg7 33. Kg1 Rh6
34. Bf5 Rh5 35. b3 Rg8 36. Qe2 Rg5 37. Rg2 Qh6 38. Qf2 R5g7 39. Qd4 b6 40. Rf4
Qh5 41. g4 Qh4 42. Kf1 Re8 43. Qf2 Qh3 44. Qg3 Qxg3 45. Rxg3 Ng6 46. Bxg6 fxg6
47. Rgf3 Rge7 48. Rf2 Kg7 49. Kg2 g5 50. Rf6 h6 51. h3 Rh8 1/2-1/2

[Event "27e Open International Avoine"]
[Site "Espace culturel d'Avoine-37420"]
[Date "2012.07.24"]
[Round "4.49"]
[White "Julien, Jules-Alois"]
[Black "Derieux, Christian"]
[Result "0-1"]
[WhiteElo "1827"]
[BlackElo "2027"]
[PlyCount "46"]
[EventDate "2012.??.??"]

1. d4 g6 2. Nc3 Bg7 3. Nf3 a6 4. a4 b6 5. e4 Bb7 6. Bc4 h6 7. Ne5 e6 8. Qf3 Nf6
9. d5 O-O 10. g4 exd5 11. exd5 Re8 12. Bf4 d6 13. O-O-O dxe5 14. Be3 Nbd7 15.
g5 e4 16. Qg2 hxg5 17. Bxg5 Ne5 18. Be2 Qd6 19. Nxe4 Nxe4 20. Qxe4 Nd7 21. Qg4
Qe5 22. Qxd7 Qxb2+ 23. Kd2 Qc3+ 0-1

[Event "27e Open International Avoine"]
[Site "Espace culturel d'Avoine-37420"]
[Date "2012.07.24"]
[Round "4.50"]
[White "Jouneau, Quentin"]
[Black "Auvray, Honorine"]
[Result "1-0"]
[WhiteElo "2026"]
[BlackElo "1813"]
[PlyCount "67"]
[EventDate "2012.??.??"]

1. e4 c5 2. Nf3 Nc6 3. d4 cxd4 4. Nxd4 Nf6 5. Nc3 d6 6. g3 Bg4 7. Qd3 e5 8.
Nxc6 bxc6 9. Bg2 Qc7 10. f4 g6 11. O-O Bg7 12. f5 gxf5 13. exf5 d5 14. h3 Bh5
15. g4 Bxg4 16. hxg4 Nxg4 17. Qg3 h5 18. Bg5 f6 19. Bd2 Ke7 20. Na4 a5 21. Be3
Bh6 22. Bc5+ Kf7 23. c4 Rag8 24. Qh3 h4 25. cxd5 Be3+ 26. Kh1 Bxc5 27. Nxc5 Qb6
28. Qc3 cxd5 29. Bxd5+ Ke7 30. Bxg8 Rxg8 31. Rad1 Qc6+ 32. Qf3 Qxc5 33. Qb7+
Ke8 34. Qa8+ 1-0

[Event "27e Open International Avoine"]
[Site "Espace culturel d'Avoine-37420"]
[Date "2012.07.25"]
[Round "5.1"]
[White "Lazarev, Vladimir"]
[Black "Lagarde, Maxime"]
[Result "1/2-1/2"]
[WhiteElo "2442"]
[BlackElo "2505"]
[PlyCount "78"]
[EventDate "2012.??.??"]

1. Nf3 Nf6 2. c4 g6 3. Nc3 d5 4. cxd5 Nxd5 5. Qb3 Nb6 6. d4 Bg7 7. Bf4 Be6 8.
Qa3 Nc6 9. e3 O-O 10. Be2 a5 11. Rc1 Nb4 12. b3 c5 13. O-O cxd4 14. Nxd4 Bd7
15. Nf3 Bxc3 16. Rxc3 N6d5 17. Rcc1 Nxf4 18. exf4 Bg4 19. h3 Bxf3 20. Bxf3 Qb6
21. Rcd1 Rac8 22. Rd7 Rc7 23. Rxc7 Qxc7 24. Qa4 Rd8 25. a3 Nd3 26. g3 Qc5 27.
b4 axb4 28. axb4 Nxb4 29. Bxb7 Rd2 30. Be4 Na2 31. Qc6 Qd4 32. Qe8+ Kg7 33. Bf3
Rd3 34. Qc6 Nc3 35. Kg2 e6 36. Rc1 Nd5 37. Qc4 Qxc4 38. Rxc4 Rd2 39. Kf1 Nf6
1/2-1/2

[Event "27e Open International Avoine"]
[Site "Espace culturel d'Avoine-37420"]
[Date "2012.07.25"]
[Round "5.2"]
[White "Payen, Arnaud"]
[Black "Shirazi, Kamran"]
[Result "1/2-1/2"]
[WhiteElo "2351"]
[BlackElo "2417"]
[PlyCount "75"]
[EventDate "2012.??.??"]

1. d4 Nf6 2. c4 a6 3. Nc3 c5 4. dxc5 e6 5. e4 Qc7 6. b4 a5 7. b5 Bxc5 8. Bd3 d5
9. exd5 Qe5+ 10. Nge2 Ng4 11. Rf1 Bd4 12. Ne4 Bxa1 13. Ba3 Bb2 14. f4 Bxa3 15.
fxe5 Bb4+ 16. N2c3 Nxe5 17. a3 Bxa3 18. c5 O-O 19. c6 bxc6 20. dxc6 Rd8 21. Nf2
Nbxc6 22. bxc6 Ba6 23. Qh5 Nxd3+ 24. Nxd3 Bxd3 25. Qxf7+ Kh8 26. Rf3 Bb4 27.
Kf2 Bxc3 28. c7 Bd4+ 29. Ke1 Bc3+ 30. Kf2 Rg8 31. Qd7 e5 32. Rxd3 Bd4+ 33. Kf3
h6 34. Ke4 a4 35. Ra3 Bb6 36. Rxa4 Rxa4+ 37. Qxa4 Bxc7 38. Qc6 1/2-1/2

[Event "27e Open International Avoine"]
[Site "Espace culturel d'Avoine-37420"]
[Date "2012.07.25"]
[Round "5.3"]
[White "Kostiuk, Tatiana"]
[Black "Jolly, Jean-Francois"]
[Result "1/2-1/2"]
[WhiteElo "2327"]
[BlackElo "2409"]
[PlyCount "146"]
[EventDate "2012.??.??"]

1. d4 Nf6 2. Nf3 g6 3. g3 Bg7 4. Bg2 d5 5. c4 dxc4 6. Qa4+ Nfd7 7. Qxc4 Nc6 8.
e3 O-O 9. Nc3 Nb6 10. Qe2 e5 11. Nxe5 Nxe5 12. dxe5 Bxe5 13. O-O c6 14. f4 Bg7
15. Rd1 Qe7 16. e4 Be6 17. Be3 Nc4 18. Bf2 Qb4 19. Rab1 Rfd8 20. e5 Rxd1+ 21.
Qxd1 Bf5 22. Be4 Bxe4 23. Nxe4 Nxe5 24. Nc5 Nc4 25. b3 Na3 26. Rc1 b6 27. Na6
Qe4 28. Nc7 Rb8 29. Qd6 Nc2 30. Ne6 Rc8 31. Qd7 Qxe6 32. Qxe6 fxe6 33. Rxc2 Kf7
34. Kf1 e5 35. fxe5 Bxe5 36. g4 c5 37. h3 Rd8 38. Ke2 Ke6 39. Be3 Bd4 40. Bxd4
Rxd4 41. Rc1 a5 42. Rb1 b5 43. Ke3 Kd5 44. Ke2 c4 45. bxc4+ Kxc4 46. Rc1+ Kb4
47. Rc7 Rc4 48. Rxh7 Rc2+ 49. Kf3 Rxa2 50. Rg7 Ra3+ 51. Kg2 Rc3 52. Rxg6 a4 53.
Ra6 a3 54. g5 Kb3 55. g6 a2 56. h4 Rc7 57. Kf3 Kb2 58. h5 Rc3+ 59. Kf2 Ra3 60.
Rxa3 Kxa3 61. g7 a1=Q 62. g8=Q Qd4+ 63. Ke2 Qe5+ 64. Kd2 Qxh5 65. Qg3+ Ka4 66.
Kc2 Qe2+ 67. Kb1 Qd1+ 68. Kb2 Qd2+ 69. Kb1 Qd5 70. Kb2 Qd4+ 71. Ka2 Qd2+ 72.
Kb1 b4 73. Qf3 Qe1+ 1/2-1/2

[Event "27e Open International Avoine"]
[Site "Espace culturel d'Avoine-37420"]
[Date "2012.07.25"]
[Round "5.4"]
[White "Bon, Michael"]
[Black "David, Vincent"]
[Result "1-0"]
[WhiteElo "2304"]
[BlackElo "2392"]
[PlyCount "85"]
[EventDate "2012.??.??"]

1. e4 e6 2. d4 d5 3. e5 c5 4. c3 Nc6 5. Nf3 Qb6 6. a3 c4 7. Nbd2 f6 8. g3 fxe5
9. Nxe5 Nxe5 10. dxe5 Bc5 11. Qh5+ g6 12. Qe2 Ne7 13. Bh3 Bd7 14. Nf3 h6 15.
Be3 Bxe3 16. fxe3 Nf5 17. Nd4 O-O-O 18. O-O-O Qc7 19. e4 Nxd4 20. cxd4 dxe4 21.
Qxe4 Kb8 22. Qc2 Rhf8 23. Rhf1 g5 24. Kb1 h5 25. Rxf8 Rxf8 26. Rf1 Rd8 27. Rf7
Ba4 28. Qf2 Qb6 29. Rf8 g4 30. Bf1 Bb3 31. Bg2 Ba4 32. Kc1 a6 33. Qf6 Rxf8 34.
Qxf8+ Kc7 35. Qe7+ Kc8 36. Qc5+ Qxc5 37. dxc5 Kc7 38. Kd2 Bc6 39. Bf1 Bd5 40.
Kc3 Kc6 41. Kd4 c3 42. bxc3 Bb3 43. Bd3 1-0

[Event "27e Open International Avoine"]
[Site "Espace culturel d'Avoine-37420"]
[Date "2012.07.25"]
[Round "5.6"]
[White "Haub, Thorsten Michael"]
[Black "Le Borgne, Pierre"]
[Result "1/2-1/2"]
[WhiteElo "2466"]
[BlackElo "2233"]
[PlyCount "56"]
[EventDate "2012.??.??"]

1. g3 c5 2. Bg2 Nf6 3. d3 g6 4. e4 Nc6 5. Nf3 Bg7 6. O-O O-O 7. c3 d6 8. Re1
Bg4 9. h3 Bxf3 10. Bxf3 Nd7 11. Na3 Rb8 12. Nc2 b5 13. d4 Qc7 14. d5 Na5 15.
Rb1 Nb6 16. Ne3 Nbc4 17. Qc2 Nxe3 18. Bxe3 Nc4 19. Bc1 Qa5 20. a3 b4 21. cxb4
cxb4 22. Qxc4 bxa3 23. b4 a2 24. Ra1 Rxb4 25. Qxa2 Ra4 26. Ba3 Bxa1 27. Rxa1
Rc8 28. Bd1 Rxe4 1/2-1/2

[Event "27e Open International Avoine"]
[Site "Espace culturel d'Avoine-37420"]
[Date "2012.07.25"]
[Round "5.7"]
[White "Frick, Christoph"]
[Black "Inkiov, Ventzislav"]
[Result "0-1"]
[WhiteElo "2258"]
[BlackElo "2460"]
[PlyCount "102"]
[EventDate "2012.??.??"]

1. e4 c5 2. Nc3 Nc6 3. g3 g6 4. Bg2 Bg7 5. d3 e6 6. Nh3 Nge7 7. O-O O-O 8. Be3
Nd4 9. Qd2 d6 10. Bh6 e5 11. Bxg7 Kxg7 12. f4 Bxh3 13. Bxh3 Qa5 14. Qf2 f6 15.
Nd1 d5 16. Ne3 dxe4 17. dxe4 Rad8 18. c3 Ndc6 19. Be6 Qc7 20. Rad1 exf4 21.
gxf4 Rd6 22. Bb3 Na5 23. Bd5 c4 24. Rd4 b5 25. Rfd1 Qb6 26. Kg2 Rdd8 27. Qh4
Nac6 28. Ng4 Nxd4 29. Qh6+ Kh8 30. Rxd4 Nxd5 31. Rxd5 Qe6 32. Nf2 a6 33. Kf3
Qf7 34. Rc5 Rc8 35. Rxc8 Rxc8 36. Ng4 f5 37. Ne5 fxe4+ 38. Kxe4 Qf5+ 39. Ke3
Re8 40. h4 Kg8 41. Qg5 Qxg5 42. hxg5 Rd8 43. Ke2 Kf8 44. Ke1 Rd6 45. Ke2 Ke7
46. Ke3 Ke6 47. Nf3 Kd5 48. Nd4 Rd8 49. Nc2 a5 50. a3 Kc5 51. Nd4 Rxd4 0-1

[Event "27e Open International Avoine"]
[Site "Espace culturel d'Avoine-37420"]
[Date "2012.07.25"]
[Round "5.8"]
[White "Tirard, Hugo"]
[Black "Stephan, Victor"]
[Result "1/2-1/2"]
[WhiteElo "2452"]
[BlackElo "2253"]
[PlyCount "134"]
[EventDate "2012.??.??"]

1. e4 c5 2. Nf3 d6 3. Bc4 Nf6 4. d3 Nc6 5. c3 g6 6. O-O Bg7 7. Nbd2 O-O 8. Bb3
b5 9. Re1 Nd7 10. Nf1 Nb6 11. Bg5 a5 12. d4 c4 13. Bc2 b4 14. d5 Na7 15. Nd4
Qc7 16. Qd2 e5 17. dxe6 fxe6 18. Rad1 bxc3 19. bxc3 Bd7 20. h4 Rae8 21. h5 e5
22. Ne2 Nac8 23. hxg6 hxg6 24. Ne3 Be6 25. Ng3 Qf7 26. Nd5 Nxd5 27. exd5 Bd7
28. Re3 Bg4 29. f3 Bf5 30. Ne4 Bxe4 31. Bxe4 Bf6 32. Re2 Ne7 33. g4 Bxg5 34.
Qxg5 Kg7 35. Rh2 Qf4 36. Qxf4 exf4 37. Rb1 Rb8 38. Rhb2 Rxb2 39. Rxb2 Kf6 40.
Rb7 Re8 41. a4 g5 42. Kf2 Ra8 43. Kf1 Nc8 44. Bf5 Ne7 45. Be6 Rh8 46. Kg2 Re8
47. Kg1 Rd8 48. Rb5 Ra8 49. Rb7 Rd8 50. Ra7 Rb8 51. Rxa5 Rb3 52. Ra7 Rxc3 53.
Kf2 Rc2+ 54. Ke1 Ra2 55. a5 c3 56. Kd1 Nxd5 57. Bxd5 Rd2+ 58. Kc1 Rxd5 59. Kc2
Rc5 60. a6 Ke5 61. Re7+ Kf6 62. a7 Ra5 63. Rc7 Ra3 64. Kd3 Ke6 65. Rg7 Kf6 66.
Rc7 Ke6 67. Rg7 Ke5 1/2-1/2

[Event "27e Open International Avoine"]
[Site "Espace culturel d'Avoine-37420"]
[Date "2012.07.25"]
[Round "5.9"]
[White "Duboue, Peio"]
[Black "Dumitrache, Dragos-Nicolae"]
[Result "1-0"]
[WhiteElo "2189"]
[BlackElo "2447"]
[PlyCount "96"]
[EventDate "2012.??.??"]

1. e4 e5 2. Nf3 Nc6 3. Bc4 Bc5 4. O-O Nf6 5. d3 d6 6. c3 O-O 7. Nbd2 a6 8. a4
Ba7 9. b4 Ne7 10. Re1 Ng6 11. Nf1 c6 12. Bb3 Re8 13. Ng3 a5 14. b5 h6 15. h3 d5
16. d4 Nxe4 17. Nxe4 dxe4 18. Rxe4 Bf5 19. Rxe5 Nxe5 20. Nxe5 Be6 21. Bc2 c5
22. Qd3 f5 23. Be3 cxd4 24. cxd4 Rc8 25. Rd1 Qc7 26. Bb1 Red8 27. Qe2 Qc3 28.
Ba2 Bd5 29. Rc1 Qxc1+ 30. Bxc1 Rxc1+ 31. Kh2 Bxa2 32. Qxa2+ Kh7 33. Qf7 Bxd4
34. Qg6+ Kg8 35. Qe6+ Kh7 36. Qxf5+ Kg8 37. Qe6+ Kh7 38. Qg6+ Kg8 39. Nf7 Rf8
40. Nxh6+ Kh8 41. Qh5 Bf6 42. Ng4+ Kg8 43. Qd5+ Rf7 44. Nxf6+ gxf6 45. Qd8+ Kg7
46. Qxa5 Ra1 47. Qb4 b6 48. Qd4 Ra7 1-0

[Event "27e Open International Avoine"]
[Site "Espace culturel d'Avoine-37420"]
[Date "2012.07.25"]
[Round "5.10"]
[White "Song, Julien"]
[Black "Mevel, Alberic"]
[Result "1-0"]
[WhiteElo "2398"]
[BlackElo "2188"]
[PlyCount "24"]
[EventDate "2012.??.??"]

1. d4 Nf6 2. c4 g6 3. Nc3 Bg7 4. g3 d5 5. cxd5 Nxd5 6. Bg2 Nb6 7. Nf3 Nc6 8. e3
O-O 9. O-O Re8 10. d5 Na5 11. Nd4 Bd7 12. Rb1 c5 1-0

[Event "27e Open International Avoine"]
[Site "Espace culturel d'Avoine-37420"]
[Date "2012.07.25"]
[Round "5.11"]
[White "Colin, Vincent"]
[Black "Messinger, Karl"]
[Result "1-0"]
[WhiteElo "2391"]
[BlackElo "2060"]
[PlyCount "85"]
[EventDate "2012.??.??"]

1. e4 c5 2. Nf3 Nc6 3. d4 cxd4 4. Nxd4 g6 5. c4 Nf6 6. Nc3 Nxd4 7. Qxd4 d6 8.
Bg5 Bg7 9. Qd2 Qa5 10. Bd3 O-O 11. O-O Be6 12. Nd5 Qd8 13. Nxf6+ Bxf6 14. Bxf6
exf6 15. Rad1 Qc7 16. b3 Qc5 17. h3 Rfd8 18. Rfe1 a6 19. a4 b5 20. b4 Qd4 21.
cxb5 Bb3 22. Bf1 Qxd2 23. Rxd2 axb5 24. a5 Rab8 25. Rc1 Kf8 26. Rc7 Ke8 27. Rd3
Bc4 28. Rc3 Bxf1 29. Kxf1 d5 30. exd5 Rxd5 31. Re3+ Re5 32. Rxe5+ fxe5 33. g4
h5 34. g5 Ra8 35. Rb7 Ra6 36. Rxb5 Kd7 37. Rxe5 Kd6 38. Rb5 Kc6 39. Rb6+ Rxb6
40. axb6 Kxb6 41. Ke2 Kb5 42. Kd3 Kxb4 43. Kd4 1-0

[Event "27e Open International Avoine"]
[Site "Espace culturel d'Avoine-37420"]
[Date "2012.07.25"]
[Round "5.13"]
[White "Sobry, Sebastien"]
[Black "Marholev, Dimitar"]
[Result "0-1"]
[WhiteElo "2039"]
[BlackElo "2356"]
[PlyCount "48"]
[EventDate "2012.??.??"]

1. e4 e5 2. Nf3 Nc6 3. Bb5 a6 4. Ba4 Nf6 5. O-O Be7 6. Bxc6 dxc6 7. Qe1 Nd7 8.
b3 c5 9. Bb2 Bd6 10. d3 O-O 11. a4 Re8 12. Nbd2 Nf8 13. Nc4 Ng6 14. h3 Qf6 15.
Nh2 Nf4 16. Kh1 Qg6 17. Rg1 f5 18. Qe3 fxe4 19. dxe4 Bd7 20. Nf3 Qh5 21. Rad1
Bg4 22. Ncd2 Rf8 23. Nf1 Nxg2 24. Rxg2 Bxf3 0-1

[Event "27e Open International Avoine"]
[Site "Espace culturel d'Avoine-37420"]
[Date "2012.07.25"]
[Round "5.14"]
[White "Julien, Clement"]
[Black "Godart, Francois"]
[Result "0-1"]
[WhiteElo "1912"]
[BlackElo "2317"]
[PlyCount "102"]
[EventDate "2012.??.??"]

1. e4 c6 2. d4 d5 3. e5 Bf5 4. Nf3 e6 5. Be2 Nd7 6. O-O Ne7 7. Bf4 Bg6 8. Nbd2
Nf5 9. c3 Be7 10. Re1 O-O 11. Nf1 c5 12. Qd2 Qb6 13. g4 Nh4 14. a3 Nxf3+ 15.
Bxf3 Rac8 16. Rac1 cxd4 17. cxd4 Nb8 18. g5 Nc6 19. Be3 Na5 20. Rxc8 Rxc8 21.
Rc1 Rxc1 22. Qxc1 Nc4 23. b4 Qa6 24. Nd2 Qxa3 25. Nxc4 Qxc1+ 26. Bxc1 dxc4 27.
Bd2 b6 28. Be2 c3 29. Bxc3 Bxg5 30. b5 Kf8 31. Bb4+ Be7 32. Bd2 Be4 33. f3 Bd5
34. Kf2 Ke8 35. Ke3 Bb3 36. Kd3 Ba4 37. Kc3 Kd7 38. Kc4 Kc7 39. Bb4 Bxb4 40.
Kxb4 Bc2 41. Kc4 Bb1 42. Kc3 Ba2 43. Bc4 Bxc4 44. Kxc4 g5 45. d5 exd5+ 46. Kxd5
Kd7 47. Kd4 Ke6 48. Ke4 f5+ 49. exf6 Kxf6 50. Kd5 Kf5 51. Kc6 Ke6 0-1

[Event "27e Open International Avoine"]
[Site "Espace culturel d'Avoine-37420"]
[Date "2012.07.25"]
[Round "5.15"]
[White "Muller, Etienne"]
[Black "Safranska, Anda"]
[Result "0-1"]
[WhiteElo "1875"]
[BlackElo "2298"]
[PlyCount "61"]
[EventDate "2012.??.??"]

1. c4 g6 2. Nc3 Bg7 3. g3 e5 4. Bg2 d6 5. Nf3 f5 6. d4 e4 7. Ng5 h6 8. Nh3 g5
9. f3 exf3 10. exf3 Nf6 11. O-O O-O 12. f4 g4 13. Nf2 c6 14. d5 c5 15. Qd2 Bd7
16. b3 h5 17. Bb2 Na6 18. Rfe1 Nc7 19. a4 b6 20. Nb5 Nce8 21. Qe2 a6 22. Nc3
Rf7 23. Nd3 h4 24. Ne5 Re7 25. Qc2 hxg3 26. hxg3 dxe5 27. fxe5 Nh5 28. e6 Bd4+
29. Kh2 Rh7 30. Qxf5 Nhg7+ 31. Qxh7+ 0-1

[Event "27e Open International Avoine"]
[Site "Espace culturel d'Avoine-37420"]
[Date "2012.07.25"]
[Round "5.17"]
[White "Gennesseaux, Gabrielle"]
[Black "Barbot, Pierre"]
[Result "0-1"]
[WhiteElo "1764"]
[BlackElo "2271"]
[PlyCount "54"]
[EventDate "2012.??.??"]

1. e4 e6 2. d4 d5 3. e5 c5 4. c3 Nc6 5. Nf3 Bd7 6. a3 f6 7. b4 fxe5 8. dxe5 Qc7
9. Bf4 Nh6 10. Bd3 Nf7 11. Qe2 Be7 12. O-O g5 13. Bg3 g4 14. Nfd2 c4 15. Bc2
Ncxe5 16. Re1 Bd6 17. Nf1 O-O-O 18. Ne3 h5 19. Nd2 h4 20. Bf4 Rdg8 21. Bd1 Nf3+
22. Nxf3 gxf3 23. Bxd6 fxe2 24. Bxc7 exd1=Q 25. Raxd1 Kxc7 26. Rd2 Nd6 27. f3
Nb5 0-1